| 000 | 01276nam a2200373Ia 4500 | ||
|---|---|---|---|
| 001 | dia_1321 | ||
| 003 | CHAP | ||
| 005 | 20230126130337.0 | ||
| 008 | 220117s1977 xx 000 0 und d | ||
| 010 | _a171868 | ||
| 040 | _cCHAP | ||
| 082 | _a576.119 R65 1977 | ||
| 100 |
_aRolz, Carlos _999463 |
||
| 245 |
_aProducción de proteína microbiana a partir de subproductos de industrias agropecuarias / _c Carlos Rolz y Sheryl S. de Cabrera |
||
| 260 |
_aGuatemala : _b ICAITI, _c1977 |
||
| 300 | _a171 p. | ||
| 440 |
_aMonografía tecnológica ICAITI ; 1 _9150495 |
||
| 500 | _aEl ejemplar 2 es material fotocopiado | ||
| 504 | _aBibliografía: p. 109-167 | ||
| 590 | _aQR92.P75 R65 1977 | ||
| 650 |
_aFuentes proteicas _9150496 |
||
| 650 |
_aMicrobial proteins _9150497 |
||
| 650 |
_aMicrobiología _xBioquímica _9150498 |
||
| 650 |
_aMicrobiology _xBiochemestry _9150499 |
||
| 650 |
_aProductos proteínicos _9150500 |
||
| 650 |
_aProtein products _9150501 |
||
| 650 |
_aProtein sources _9150502 |
||
| 650 |
_aProteínas microbianas _992459 |
||
| 700 |
_aCabrera, Sheryl S. de, coaut. _9150503 |
||
| 901 | _a576.119 R65 1977 | ||
| 902 | _aM | ||
| 905 | _a5232271977 gt imn 8226223322SPA16 | ||
| 942 |
_cLIBRO _2ddc |
||
| 999 |
_c171868 _d171868 |
||